Fundamentals of structural analysis. -- 4th ed. (Record no. 44211)

MARC details
000 -LEADER
fixed length control field 00714nam a2200193 a 4500
008 - FIXED-LENGTH DATA ELEMENTS--GENERAL INFORMATION
fixed length control field 120207s2008 ||||||||||||||||| || u
020 ## - INTERNATIONAL STANDARD BOOK NUMBER
International Standard Book Number 9780071289382
050 ## - LIBRARY OF CONGRESS CALL NUMBER
Classification number TA 645 Lee
100 ## - MAIN ENTRY--PERSONAL NAME
Personal name Gilbert, Anne M
245 10 - TITLE STATEMENT
Title Fundamentals of structural analysis. -- 4th ed.
Statement of responsibility, etc. by Kenneth M.Leet; Chia-Ming Uang; Anne M.Gilbert
250 ## - EDITION STATEMENT
Edition statement 4th ed.
260 ## - PUBLICATION, DISTRIBUTION, ETC.
Place of publication, distribution, etc. New York:
Name of publisher, distributor, etc. McGraw-Hill
Date of publication, distribution, etc. 2008
300 ## - PHYSICAL DESCRIPTION
Extent xix, 787p.: ill.
350 ## - PRICE (NR) (BK AM CF MU VM SE) [OBSOLETE]
Price 0.00
650 ## - SUBJECT ADDED ENTRY--TOPICAL TERM
Topical term or geographic name entry element STRUCTURAL ANALYSIS (ENGINEERING)
700 ## - ADDED ENTRY--PERSONAL NAME
Personal name Uang,Chia-Ming
700 ## - ADDED ENTRY--PERSONAL NAME
Personal name Leet, Kenneth M
995 ## - RECOMMENDATION 995 [LOCAL, UNIMARC FRANCE]
-- CBU-MAIN LIBRARY (Kitwe)
-- 0.00
-- 1
-- AVAILABLE
-- Jul 11, 2012
-- Main Library Open Access Collection
Holdings
Withdrawn status Lost status Source of classification or shelving scheme Damaged status Not for loan Home library Current library Shelving location Date acquired Total Checkouts Full call number Barcode Date last seen Price effective from Koha item type
          CBU-MAIN LIBRARY, KITWE. CBU-MAIN LIBRARY, KITWE.   11/30/2022   TA 645 Lee 743017 11/30/2022 11/30/2022 MONOGRAPH